Datum a čas kvízu
38
Celkem bodů
Celkový počet nahraných bodů na tomto kvízu bez doplňovacích otázek.
3.
Pořadí na kvízu
Konečné umístění týmu na tomto kvízu.
Zaznamenané odpovědi
| # | Otázka | Odpověď | Body | Výsledky |
|---|---|---|---|---|
| 1. | Český premiér Petr Fiala se mi... | Etiopii | 0 | |
| 2. | V úterý se v jisté evropské mo... | Španělsko, princezna Leonor | 1 | |
| 3. | V uplynulém týdnu zveřejnila Č... | Klíč svatého Petra | 1 | |
| 4. | Minulý týden otevřel jistý ame... | Popeye's | 1 | |
| 5. | Nestává se často, aby tým NHL... | San Jose Sharks | 1 | |
| -14. | O které významné ženě 18. stol... | o Marii Antoinettě | 0 | |
| -13. | Přívlastkové víno, k jehož výr... | výběr z cibéb | 1 | |
| -14. | Jak se v antické mytologii jme... | Dionýsos | 1 | |
| -11. | Seřaďte státy níže podle množs... | 1B 2D 3A 4C | 1 | |
| -10. | Snaha zabránit plýtvání při zp... | grappa | 1 |